| 000 | 00676nam a22002057a 4500 | ||
|---|---|---|---|
| 999 |
_c20424 _d20424 |
||
| 003 | AR-CdUCM | ||
| 008 | 190508b ||||| |||| 00| 0 spa d | ||
| 040 |
_aMUNICIPALIDAD PROVINCIAL DEL CUSCO _cBIBLIOTECA MUNICIPAL DEL CUSCO |
||
| 082 |
_a330.1 / _bM26 |
||
| 100 |
_aMarx, Carlos _92702 |
||
| 245 | _aCrítica de la economía política / | ||
| 260 |
_aBuenos Aires : _bFuturo, _c1945. |
||
| 300 |
_a211 páginas ; _c17 cm. |
||
| 505 | _aContenido: La mercancía -- Medio de circulación -- El dinero -- Los metales preciosos. | ||
| 650 |
_aFilosofía. _9395 |
||
| 650 |
_aEconomía _9382 |
||
| 650 |
_aPolítica _9291 |
||
| 942 |
_2ddc _cLIBROS |
||
| 945 |
_adavv _d2019-05-30 |
||